| 000 | 00687nam a22002177a 4500 | ||
|---|---|---|---|
| 005 | 20170124110218.0 | ||
| 010 | _aA-704977 | ||
| 020 |
_c00.00 _a0195635043 |
||
| 035 | _aA-704977 | ||
| 037 | _bCen Lib/Ret | ||
| 040 |
_aDPL _bEN |
||
| 082 |
_a954.085 _bIND |
||
| 245 |
_aIndia's partition : _cedited by Mushirul Hasan _bprocess, strategy and mobilization / |
||
| 260 |
_aNew Delhi _bOxford unversity press _c1993 |
||
| 270 |
_bNew Delhi _aYMCA building,Jai singh road _e110001 |
||
| 300 |
_aviii,433 _c22cm(pbk) |
||
| 650 |
_aHistory _zIndia _9436 |
||
| 650 |
_aPartiton _zIndia _939530 |
||
| 700 |
_aMushirul Hasan _939531 |
||
| 942 |
_2ddc _cEN _h954.085 _mIND |
||
| 999 |
_c134012 _d134012 |
||